Mitos y letendas de Canaan: según la tradicicón de Ugarit
Salvato in:
| Autore principale: | |
|---|---|
| Natura: | Libro |
| Lingua: | spagnolo |
| Pubblicazione: |
Madrid
Cristiandad
1981
|
| Serie: | Colección Fuentes de la Ciencia Bíblica, 1
|
| Soggetti: | |
| Tags: |
Aggiungi Tag
Nessun Tag, puoi essere il primo ad aggiungerne!!
|
MARC
| LEADER | 00000nam a2200000 a 4500 | ||
|---|---|---|---|
| 001 | UCL6242 | ||
| 003 | CL-VaPUC | ||
| 008 | 040402e19810000SP |||||||||||||||||spa|d | ||
| 020 | |a 8470572970 | ||
| 082 | 0 | 4 | |a 299.21 |b OLM |2 21 |
| 100 | |a Olmo Lete, Gregorio del |e autor |9 556801 | ||
| 245 | 1 | 0 | |a Mitos y letendas de Canaan: según la tradicicón de Ugarit |
| 300 | |a 699 p | ||
| 942 | |c BK | ||
| 945 | |d 20040402 00:00:00 |a vberengu | ||
| 260 | |a Madrid |b Cristiandad |c 1981 | ||
| 650 | 0 | |a Cultura y tradiciones |9 443055 | |
| 651 | 7 | |a UGARIT |2 CL-VaPUC |9 483936 | |
| 583 | |a last modification |c 20040402 00:00:00 |k Rodrigo Vera | ||
| 490 | 0 | |a Colección Fuentes de la Ciencia Bíblica, 1 | |
| 999 | |c 308419 |d 308417 | ||
| 952 | |0 0 |1 0 |4 0 |6 299_210000000000000_OLM_1981 |7 0 |8 A |9 374935 |a BIBTEO |b BIBTEO |d 2019-11-21 |i 2108062 |o 299.21 OLM 1981 |p 2108062 |r 2025-01-17 |w 2019-11-21 |y BK |k ICR | ||